The Mythical Man-Month : essays on software engineering
Αποθηκεύτηκε σε:
| Κύριος συγγραφέας: | |
|---|---|
| Μορφή: | Βιβλίο |
| Γλώσσα: | English |
| Δημοσίευση: |
Reading, Mass. :
Addison-Wesley ,
1995
|
| Έκδοση: | Anniversary ed., Repr. with Corr. |
| Θέματα: | |
| Ετικέτες: |
Προσθήκη ετικέτας
Δεν υπάρχουν, Καταχωρήστε ετικέτα πρώτοι!
|
MARC
| LEADER | 00000nam a2200000 i 4500 | ||
|---|---|---|---|
| 001 | 1/36841 | ||
| 008 | 970911s1995 eng d | ||
| 020 | |a 0-201-83595-9 | ||
| 035 | |1 ΕΛΗ |a 1997 |b 1604 |c ΣΠΙΝΕΛΛΗΣ |l 10040344 | ||
| 040 | |a GR-MY-UA |b gre |e aacr | ||
| 041 | 0 | |a eng | |
| 082 | 0 | |a 005.1068 | |
| 100 | 1 | |a Brooks, Frederick P. |q (Frederick Philips) | |
| 245 | 1 | 4 | |a The Mythical Man-Month : |b essays on software engineering / |c Frederick P. Brooks |
| 250 | |a Anniversary ed., Repr. with Corr. | ||
| 260 | |a Reading, Mass. : |b Addison-Wesley , |c 1995 | ||
| 300 | |a xiii, 322 p.; |b ill.; |c 24 cm. | ||
| 500 | |a Anniversary edition with four new chapters | ||
| 504 | |a Includes bibliographical references (p. 293-308) and index | ||
| 650 | 0 | 0 | |a Software engineering. |
| 852 | |a INST |b SAMOS |e 19970911 |h 005.1068 BRO |p 005300008905 |q 005300008905 |t BK |y 23 | ||
| 852 | |a INST |b SAMOS |e 20010329 |h 005.1068 BRO |p 005300021335 |q 005300021335 |t BK |y 0 | ||
| 852 | |a INST |b SAMOS |e 20010329 |h 005.1068 BRO |p 005300021336 |q 005300021336 |t BK |y 0 | ||
| 852 | |a INST |b SAMOS |e 20010329 |h 005.1068 BRO |p 005300021337 |q 005300021337 |t BK |y 0 | ||
| 852 | |a INST |b SAMOS |e 20010329 |h 005.1068 BRO |p 005300021338 |q 005300021338 |t BK |y 0 | ||
| 852 | |a INST |b SAMOS |e 20010329 |h 005.1068 BRO |p 005300021339 |q 005300021339 |t BK |y 0 | ||
| 852 | |a INST |b SAMOS |e 20010329 |h 005.1068 BRO |p 005300021340 |q 005300021340 |t BK |y 0 | ||
| 901 | |a BIBL3-2001-1 | ||
| 901 | |a BIBL-1997-2 | ||
| 909 | |a Σ |b 086132 | ||
| 909 | |a Σ |b 050778 | ||
| 909 | |a Σ |b 086133 | ||
| 909 | |a Σ |b 086131 | ||
| 909 | |a Σ |b 086130 | ||
| 909 | |a Σ |b 086129 | ||
| 909 | |a Σ |b 086134 | ||
| 922 | |a 3ΕΛΗ |b 20000831 |c ΤΠΕΣ/ΠΟΛ2 |d LEADER | ||
| 970 | |a ΜΑΛΑΓΑΡΗ |b ΦΩΤΕΙΝΗ |z 2001/03/29 | ||